000 00532nam a22001937a 4500
003 CEME
005 20210628202558.0
008 210122b xxu||||| |||| 00| 0 eng d
020 _a81-7808-328-0
040 _c.
082 _a621.380413 COU
100 _aCouch, Leon W
_960581
245 _aDigital and analog communication systems
250 _a6TH
260 _aNEW DELHI
_bPEARSON EDUCATION
_c2001
300 _aXXV,748 P
650 _aDIGITAL COMMUNICATION SYSTEMS.ANALOG COMMUNICATION SYSTEMS
_960582
942 _cBK
_2ddc
999 _c570275
_d570275